000 00417nam a22001577a 4500
005 20240117061939.0
008 240117b |||||||| |||| 00| 0 eng d
041 _aEnglish
082 _a344.4 ENV
100 _aRidl, J
_lEnglish
245 _aEnvironmental Law /
_cJ Ridl
260 _c1993
300 _b22 pages ;
_c31 cm.
650 _aLegal practice
_bLaw
942 _cBK
_6ALISON_BN_VRIES
999 _c1234
_d1234